000 00911nam a2200325Ia 4500
001 6611
005 20240113233928.0
007 ta
008 050628s1996 a g b000 u eng u
020 _a81-224-0879-6
040 _aCotton College,Assam
041 _aeng
082 _a310.519
_bBo 648 Pr
100 _aBorthakur, A.C. .
245 0 _aProbability Models and Statistics: A J. Medhi Festschrift /
_cA.C. Borthakur, H. Chaudhury.
_hTextual Documents
250 _a1st ed. /
260 _aNew Delhi :
_bNew Age International ( P ) Limited ,
_c1996.
300 _axviii, 263p. :
_bill. ;
_c24cm .
504 _aIndex
653 _aStatistics-Probability
653 _aPG-Statistics
653 _aG- Statistics
700 _aChaudhury, H. .
942 _2ddc
_cBK
999 _c6598
_d6598